Biggest Cities in the Byzantine Empire in 555 AD - Under Justinian I - Statistics

General Stats
  • This quiz has been taken 1,771 times
    778 since last reset
  • The average score is 21 of 65
Answers on the Map
Answers color-coded by a green-red scale on the quiz's map according to % correct below.
 
Answer Stats
Population Cities % Correct
400k Constantinopolis (Istanbul)
100%
30k Roma (Rome)
99%
75k Carthago (Qartaj, Tunis)
98%
100k Alexandria
97%
25k Aelia Capitolina (Jerusalem)
91%
35k Thessalonica (Thessaloniki)
89%
20k Syracusae (Syracuse)
80%
20k Smyrna (İzmir)
79%
40k Theopolis (Antakya)
79%
25k Damascus
78%
15k Heliopolis (Ain Shams, Cairo)
77%
22k Ravenna
76%
22k Ancyra (Ankara)
75%
20k Corinthus (Archaia Korinthos)
72%
23k Beroea (Aleppo)
66%
25k Memphis (Mit Rahina)
60%
15k Attalea (Antalya)
50%
35k Nicomedia (İzmit)
50%
26k Iconium (Konya)
48%
50k Caesarea (Kayseri)
46%
35k Ephesus (Selçuk)
44%
27k Nicaea (İznik)
43%
60k Edessa (Şanlıurfa)
40%
25k Emesa (Homs)
40%
18k Caesarea Maritima (Caesarea)
32%
16k Halicarnassus (Bodrum)
28%
30k Pergamum (Bergama)
25%
35k Amida (Diyarbakır)
23%
27k Philadelphia (Alaşehir)
22%
18k Neapaphus (Paphos)
20%
20k Neapolis (Nablus)
18%
45k Arsinoe (Faiyum)
17%
16k Seleucia Tracheotis (Silifke)
17%
15k Lycopolis (Asyut)
16%
15k Tiberias
16%
15k Nicephorium (Raqqa)
15%
30k Sardis (Sart)
15%
28k Tralles (Aydın)
14%
30k Germanicia (Kahramanmaraş)
9%
18k Cyzicus (Erdek)
8%
30k Laodicea ad Lycum (Eskihisar)
8%
26k Scythopolis (Beit She'an)
8%
16k Bostra (Busra al-Sham)
7%
16k Hierapolis (Pamukkale)
7%
25k Oxyrhynchus (Al-Bahnasa)
7%
17k Gerasa (Jerash)
6%
35k Hermopolis (El-Ashmunein)
6%
18k Tanis (San al-Hagar)
6%
24k Antinoöpolis (El-Shaikh Ebada)
5%
18k Coptos (Qift)
5%
20k Iustinianopolis (Dilekkaya)
5%
17k Magnesia ad Maeandrum (Tekin)
5%
16k Aphrodisias (Geyre)
4%
15k Mylasa (Milas)
4%
16k Samosata (Samsat)
4%
20k Leontopolis (Kafr al-Muqdam)
3%
24k Athribis (Benha)
2%
15k Chalcis ad Belum (Al-Hadher)
2%
20k Nicius (Zawyat Razin)
2%
15k Schedia (El Karyun)
2%
15k Sura
2%
15k Abila Decapoleus
1%
20k Paneas
1%
20k Resaina (Ras al-Ayn)
1%
16k Thmuis (Temay El Amdeed)
1%
No matching quizzes found
Score Distribution
Percent of People with Each Score
Percentile by Number Answered
Your Score History
You have not taken this quiz since the last reset